English Conversation Practice (Record no. 3706)

MARC details
000 -LEADER
fixed length control field 00389nam a22001697a 4500
005 - DATE AND TIME OF LATEST TRANSACTION
control field 20210906113830.0
008 - FIXED-LENGTH DATA ELEMENTS--GENERAL INFORMATION
fixed length control field 160623b xxu||||| |||| 00| 0 eng d
020 ## - INTERNATIONAL STANDARD BOOK NUMBER
ISBN 978-0-07-099603-8
041 ## - LANGUAGE CODE
Language code of text/sound track or separate title eng
082 ## - DEWEY DECIMAL CLASSIFICATION NUMBER
Item number 9617
100 ## - MAIN ENTRY--AUTHOR NAME
Personal name Taylor, Grant
245 ## - TITLE STATEMENT
Title English Conversation Practice
260 ## - PUBLICATION, DISTRIBUTION, ETC. (IMPRINT)
Name of publisher TMH
Year of publication 2009
300 ## - PHYSICAL DESCRIPTION
Number of Pages 291
650 ## - SUBJECT ADDED ENTRY--TOPICAL TERM
Topical Term Management
942 ## - ADDED ENTRY ELEMENTS (KOHA)
Koha item type Books
Holdings
Lost status Damaged status Collection code Home library Current library Shelving location Date acquired Full call number Accession Number Koha item type
    ENGLISH JRU Library JRU Library SHELF-102-C 23/06/2016 428.34 9617 Books
    LIFE SKILL JRU Library JRU Library SHELF-44-D 23/06/2016 428.34 9618 Books
    ENGLISH JRU Library JRU Library SHELF-102-C 23/06/2016 428.34 9619 Books
    ENGLISH JRU Library JRU Library SHELF-102-C 23/06/2016 428.34 9620 Books
    ENGLISH JRU Library JRU Library SHELF-102-C 23/06/2016 428.34 9621 Books
    ENGLISH JRU Library JRU Library SHELF-102-C 23/06/2016 428.34 9622 Books
    ENGLISH JRU Library JRU Library SHELF-102-C 23/06/2016 428.34 9623 Books
    LIFE SKILL JRU Library JRU Library SHELF-101-H 23/06/2016 428.34 9624 Books
    ENGLISH JRU Library JRU Library SHELF-102-C 23/06/2016 428.34 9625 Books
    ENGLISH JRU Library JRU Library SHELF-102-C 23/06/2016 428.34 9626 Books
    ENGLISH JRU Library JRU Library SHELF-102-C 23/06/2016 428.34 9627 Books
    ENGLISH JRU Library JRU Library SHELF-102-C 23/06/2016 428.34 9628 Books